Normal view
MARC view
- Rural development
Entry Topical Term
001 - CONTROL NUMBER
- control field: 24338
003 - CONTROL NUMBER IDENTIFIER
- control field: NUST
005 - DATE AND TIME OF LATEST TRANSACTION
- control field: 20191018103049.0
008 - FIXED-LENGTH DATA ELEMENTS
- fixed length control field: 191018|| aca||aabn | a|a d
040 ## - CATALOGING SOURCE
- Original cataloging agency: NUST
- Transcribing agency: NUST
150 ## - HEADING--TOPICAL TERM
- Topical term or geographic name entry element: Rural development
- General subdivision: Environmental aspects
- Geographic subdivision: Europe.
670 ## - SOURCE DATA FOUND
- Source citation: Work cat.: (NUST)0: Sustainability impact assessment of land use changes /, c2008.
